000 00542nam a2200181Ia 4500
008 151018s9999 xx 000 0 und d
082 _bRBASDV15511
_a891.463
100 _aभाऊ पाध्ये
245 _aजेलबर्डस
250 _b1
260 _bमेनका प्रकाशन पुणे
_c1982
300 _a124
600 _aभाऊ पाध्ये
630 _aजेलबर्डस
700 _aभाऊ पाध्ये
730 _aजेलबर्डस
942 _cBOOK
999 _c1016238
_d1016235